000 00520nam a22001577a 4500
999 _c534004
_d534004
020 _qHard Cover.
082 _a660.01
100 _aJaved, Aisha
245 _aDNA - Aptamer Based Electrochemical Biosensor for Tuberculosis Detection /
_cAisha Javed.
260 _aIslamabad :
_bASAB - NUST,
_c2017.
300 _ax, 36 p. : ill. ;
_c30cm.
942 _2ddc
_cTHE
650 _aIndustrial Biotechnology MS-Thesis.
_927780
700 _aDr. Shah Rukh Abbas.
_928072